4A Teams In Iowa - Statistics

General Stats
  • This quiz has been taken 50 times
  • The average score is 25 of 37
Answer Stats
Hint Answer % Correct
CF Cedar Falls
89%
ICW Iowa City West
89%
A Ankeny
86%
CRJ Cedar Rapids Jefferson
86%
DSME Des Moines East
86%
CRW Cedar Rapids Washington
82%
SP Southeast Polk
82%
A Ames
79%
AC Ankeny Centennial
79%
CRK Cedar Rapids Kennedy
79%
ICH Iowa City High
79%
J Johnston
79%
DSML Des Moines Lincoln
75%
V Valley
75%
W Waukee
75%
DSMH Des Moines Hoover
71%
D Dubueque
71%
PV Pleasant Valley
71%
WW Waterloo West
71%
FD Fort Dodge
68%
MC Mason City
68%
U Urbandale
68%
D Dowling
64%
I Indianola
64%
O Ottumwa
64%
WE Waterloo East
64%
SCE Sioux City East
61%
SCN Sioux City North
61%
B Bettendorf
57%
DN Davenport North
57%
M Marshalltown
57%
CBL Council Bluffs Lincoln
54%
N Norwalk
54%
CBJ Council Bluffs Jefferson
46%
DH Dubuque Hempstead
46%
DSMR Des Moines Rooselvelt
11%
DSMN Des Moinse North
11%
No matching quizzes found
Score Distribution
Percent of People with Each Score
Percentile by Number Answered
Your Score History
You have not taken this quiz